[Event "Florianopolis Cordioli Memorial"]
[Site "Florianopolis"]
[Date "2015.07.05"]
[Round "7"]
[White "Tanaka, Aline dos Santos"]
[Black "Schwirkowski Filho, Adriano"]
[Result "0-1"]
[WhiteElo "1752"]
[BlackElo "1499"]
[PlyCount "68"]
[EventDate "2015.07.03"]
[EventType "swiss"]
[EventRounds "7"]
[EventCountry "BRA"]
[SourceTitle "EXT 2016"]
[Source "ChessBase"]
[SourceDate "2015.10.08"]
[SourceVersion "1"]
[SourceVersionDate "2015.10.08"]
[SourceQuality "1"]

1. e4 c5 2. Nf3 d6 3. d4 cxd4 4. Nxd4 Nf6 5. Nc3 g6 6. Bd3 Bg7 7. 0-0 0-0 8. Bd2 Nxe4 9. Bxe4 Bxd4 10. Bh6 Bg7 11. Bxg7 Kxg7 12. Qd4+ e5 13. Qd5 Qb6 14. b3 a6 15. Rad1 Rd8 16. Rd2 Nc6 17. Qd3 Be6 18. Qf3 Rd7 19. Bxc6 bxc6 20. Qg3 Qb4 21. Rfd1 Rad8 22. Rd3 Bf5 23. R3d2 h6 24. Ne2 Bg4 25. f3 Qc5+ 26. Kh1 Bf5 27. f4 Bg4 28. fxe5 dxe5 29. Rxd7 Rxd7 30. Rxd7 Bxd7 31. Qd3 Bf5 32. Qxa6 Qxc2 33. Ng3 Qb1+ 34. Nf1 Bd3 0-1

[Event "Cuiaba Contaud op"]
[Site "Cuiaba"]
[Date "2014.05.03"]
[Round "5"]
[White "Silva, Marina Taborelli"]
[Black "Tanaka, Aline dos Santos"]
[Result "0-1"]
[WhiteElo "1766"]
[BlackElo "1760"]
[PlyCount "56"]
[EventDate "2014.05.01"]
[EventType "swiss"]
[EventRounds "6"]
[EventCountry "BRA"]
[SourceTitle "CBM 160 Extra"]
[Source "ChessBase"]
[SourceDate "2014.07.01"]
[SourceVersion "1"]
[SourceVersionDate "2014.07.01"]
[SourceQuality "1"]

1. e4 e5 2. Nf3 Nc6 3. Bc4 Bc5 4. Nc3 Nf6 5. Ng5 0-0 6. 0-0 Na5 7. Qe2 d6 8. Nf3 Bg4 9. h3 Bxf3 10. Qxf3 Nxc4 11. Qe2 Nb6 12. d3 Re8 13. Bg5 h6 14. Bh4 Re6 15. Bxf6 Qxf6 16. a3 Rd8 17. b4 Bd4 18. Qd2 d5 19. Rac1 Bxc3 20. Qxc3 dxe4 21. dxe4 Rc6 22. Qb3 Rc4 23. Rfe1 Rd2 24. Qe3 Rdxc2 25. Rxc2 Rxc2 26. Re2 Rxe2 27. Qxe2 Qc6 28. Qd3 g6 0-1

[Event "Cuiaba Contaud op"]
[Site "Cuiaba"]
[Date "2014.05.02"]
[Round "3"]
[White "Tanaka, Aline dos Santos"]
[Black "Caporale, Giuseppe Guido"]
[Result "0-1"]
[WhiteElo "1760"]
[BlackElo "1755"]
[PlyCount "44"]
[EventDate "2014.05.01"]
[EventType "swiss"]
[EventRounds "6"]
[EventCountry "BRA"]
[SourceTitle "CBM 160 Extra"]
[Source "ChessBase"]
[SourceDate "2014.07.01"]
[SourceVersion "1"]
[SourceVersionDate "2014.07.01"]
[SourceQuality "1"]

1. e4 c5 2. Nf3 e6 3. Bc4 a6 4. a4 b6 5. d4 cxd4 6. Nxd4 Bb7 7. Nc3 Nc6 8. 0-0 Nf6 9. Bg5 Be7 10. Re1 Qc7 11. Nf3 d6 12. Qe2 0-0 13. e5 dxe5 14. Nxe5 Nxe5 15. Qxe5 Qxc4 16. Qe3 Nd5 17. Nxd5 Qxd5 18. Qf3 Bxg5 19. Qxd5 Bxd5 20. b3 Bf6 21. Rad1 b5 22. a5 Rac8 0-1